000 00346nam a2200157Ia 4500
003 RNL
008 090707b ii f a fnsan d
040 _aRCL
100 _aGrewal, Amarjit Singh
_929575
245 _aPrasang kaorav sabha
260 _aLudhiana
260 _bChetna Prakashan
260 _c2006
300 _a136p.
942 _cBK
999 _c21169
_d21169